000 00467nam a2200193Ia 4500
008 240510s9999 xx 000 0 und d
020 _a0000333469992
041 _aEng
082 _a004.21
082 _bD85
100 _aDUNCAN, J (et-al)
245 0 _aSSADM IN PRACTICE : A version 4 Text
260 _bHAMPSHIRE : MACMILLAN
260 _c1995
300 _a265 p.
650 _aSYSTEM ANALYSIS : SYSTEM DESIGN : SSADM
942 _2ddc
942 _cRBK
999 _c24036
_d24036
945 _a1
_bMadushi Gamage
_c1
_dMadushi Gamage